| 000 | 02609nam a2200277Ia 4500 | ||
|---|---|---|---|
| 003 | OSt | ||
| 005 | 20210810160658.0 | ||
| 008 | 210310t2010 ck ad fr 000 0dspa d | ||
| 020 | _a9789584104090 | ||
| 040 |
_aCO-JMCR _cCO-JMCR |
||
| 041 | 0 | _aspa | |
| 082 | 0 | 4 |
_a332.632 / _bV293e1 _223 |
| 100 | 1 |
_aVarela Villegas, Rodrigo, _916823 _eautor |
|
| 245 | 1 | 0 |
_aEvaluación económica de proyectos de inversión / _cRodrigo Varela Villegas ; revisión técnica, John Miguel Díez Benjumea |
| 250 | _aSéptima edición | ||
| 260 |
_aBogotá : _bMcGrawHill, _c©2010 |
||
| 300 |
_axiv, 489 páginas : _bilustraciones y gráficas a blanco y negro ; _c27 cm. + _eCD |
||
| 490 | 0 | _aMcGrawHill Educación | |
| 500 | _aIncluye datos biográficos de los autores. | ||
| 505 | 0 | _aIntroducción a la evaluación de proyectos -- Equivalencia -- Criterios decisorios - Evaluación económica y comparación de alternativas que producen el mismo servicio -- Evaluación económica y comparación de alternativas que producen diferentes servicios -- Evaluaciones económicas después de impuestos -- Criterios decisorios después de impuestos -- Evaluación con dinero prestado -- Evaluaciones especiales | |
| 520 | 3 | _aEs una obra dirigida a estudiantes tanto de pregrado como de posgrado, y a profesionales vinculados a cursos, seminarios o aplicaciones profesionales en las áreas de ingeniería económica, presupuestos de capital, análisis económico de inversiones, decisiones de inversión, finanzas, evaluación de proyectos, decisiones económicas en producción, matemáticas financieras y áreas afines. El libro se divide en tres secciones bien diferenciadas: La primera sección (capítulos 1 al 5) está orientada a familiarizar al lector con los conceptos, criterios, procesos de desarrollo, herramientas, interpretaciones y metodología de toma de decisiones básicas para el análisis económica de las inversiones. La segunda sección (capítulos 6 a 8) busca que el lector integre la información provista por su estudio de factibilidad, o por su plan de empresa (negocio), con los conceptos contables, financieros y tributarios, con el fin de generar la información requerida para la aplicación de las herramientas y los criterios vistos en la primera sección. La tercera sección (capítulo 9) está encaminada al análisis de algunas situaciones prácticas de gran ocurrencia en el mundo empresarial. | |
| 650 | 1 | 4 |
_aEvaluación económica _916825 |
| 650 | 2 | 4 |
_aInversiones _xEvaluación económica _939213 |
| 700 | 1 |
_aDíez Benjumea, John Miguel, _erevisor _939241 |
|
| 942 |
_2ddc _cBK |
||
| 999 |
_c8277 _d8277 |
||